000 00566nam a2200157Ia 4500
008 180921t1996 xxu||||| |||| 00| 0 sin d
041 _asin
080 _a651.56 SRI L
_bNKA
245 _aශ්‍රී ලංකාවේ වාර්තා සහ ලේඛනාගාර කළමනාකරණය පිළිබඳ ලිවීම
246 _aWriting on records and archives management in Sri lanka
260 _bDepatment of National archives
_c1996
300 _a82p., 22 cm
942 _cBK
999 _c16645
_d16645
003 LK-CoDNM
040 _aLK-CoDNM
_dLK-CoDNM
_eLK-CoDNM